Statistics for Air Niugini Destinations-Port Moresby

Click here to take the quiz!

General Stats

  • This quiz has been taken 3 times
  • The average score is 10 of 30

Answer Stats

Country Airport % Correct
AustraliaBrisbane
100%
JapanTokyo-Narita
100%
Solomon IslandsHoniara
100%
SingaporeSingapore
100%
PhilippinesManila
100%
VanuatuPort Vila
100%
Hong KongHong Kong
100%
AustraliaSydney
100%
F.S of MicronesiaChuuk
50%
FijiNadi
50%
AustraliaCairns
50%
Papua New GuineaMount Hagen
0%
Papua New GuineaWewak
0%
Papua New GuineaWapenamanda
0%
Papua New GuineaVanimo
0%
Papua New GuineaTari
0%
Papua New GuineaRabaul
0%
Papua New GuineaPopondetta
0%
Papua New GuineaMoro
0%
Papua New GuineaBuka Island
0%
Papua New GuineaMadang
0%
Papua New GuineaLorengau
0%
Papua New GuineaLae
0%
Papua New GuineaKiunga
0%
Papua New GuineaKavieng
0%
Papua New GuineaHoskins
0%
Papua New GuineaGurney
0%
Papua New GuineaGoroka
0%
Papua New GuineaDaru
0%
Papua New GuineaLihir Island
0%

Score Distribution

Percentile by Number Answered

Percent of People with Each Score

Your Score History

You have not taken this quiz